000 00660nam a2200181 i 4500
001 102081
003 ES-MaACL
005 20230906183036.0
007 t|
008 051103s1925 sp ||||1| spa d
080 _a631:061.231(460.224)(060.55)
110 0 _aAsociacion de Labradores de Zaragoza y su Provincia.
_91610
245 1 0 _aMemoria correspondiente al ejercicio social de 1924-1925 /
_cAsociación de Labradores de Zaragoza.
260 _aZaragoza :
_b[s.n.],
_c1925 (
_fArtes Gráficas)
300 _a64 p. ;
_c22 cm.
610 2 4 _aAsociación de Labradores de Zaragoza y su Provincia-
_vMemorias.
_9149576
852 _aES-MaACL
_j1689-F-6
_bR.5245
999 _c102081
_d102081